| 000 | 00725nam a2200241Ia 4500 | ||
|---|---|---|---|
| 003 | OSt | ||
| 005 | 20220928131528.0 | ||
| 006 | a|||||r|||| 00| 0 | ||
| 007 | ta | ||
| 008 | 220927b |||||||| |||| 00| 0 eng d | ||
| 020 | _c3600 | ||
| 024 | _a104951 | ||
| 037 |
_b8977, 11/01/2010, Atlantic Publishers and Distributors _cTextual |
||
| 040 |
_aSDCL _cSDCL _beng |
||
| 041 |
_2eng _aeng |
||
| 082 | _ak3,P, P8 RR | ||
| 245 | 0 |
_aENCYCLOPAEDIA BRITANNICA _b World atlas. |
|
| 260 |
_aChicago _bEncyclopaedia Britannica _c2008 |
||
| 300 |
_axxv,366p _ccm. |
||
| 650 | _aReference | ||
| 942 |
_hk3,P, P8 RR _cTEXL _2CC |
||
| 999 |
_c791170 _d791170 |
||